=LDR 00000nam 2200000 4500 =001 INLIS000000000010613 =005 20171107021031 =035 ##$$a 0010-061300000010613 =008 171107###########################0#ind## =041 ##$$a Ind =082 ##$$a 401.9 =090 ##$$a 401.9, Ash m =100 ##$$a ASHCROFT, Bill =245 1#$$a Menelanjangi kuasa bahasa, Teori dan praktik sastra poskolonial /$c Bill Ashcroft, Gareth Griffiths, Helen Tiffin =260 ##$$a Yogyakarta :$b Qalam,$c 2003 =300 ##$$a xii, 393 hlm, ; $c 21 cm =650 ##$$a Bahasa - Filsafat =850 ##$$a NBPNMAT =020 ##$$a 979-9440-45-9 =084 ##$$a 401.9 ASH m =990 ##$$a 94643/BPAP-NTB/2014 =990 ##$$a 0001/BPAP-NTB/20142015 =990 ##$$a 3617036170 =990 ##$$a 10310772 =990 ##$$a 94643/BPAP-NTB/2014 =990 ##$$a 0001/BPAP-NTB/20142015